000 01136cam a22002294a 4500
005 20250605164327.0
008 250528s ||||||||||||||||||||||||d
035 _a23087
020 _a1841693146
040 _aGR-AtMCL
_bgre
_dGR-AtMCL
_eAACR2
245 1 _aAddictions
250 _a1st
260 _bPsychology Press,
_c2002
300 _a142
520 _aThis book covers issues such as diagnosis, epidemiology, psychological and biological models and treatments and draws on the research of the National Drug and Alcohol Research Centre, Sydney, and on a variety of international surveys. Acknowledgements, Series Preface, The Nature of Addiction, Who Becomes Addicted?, The Health Consequences of Alcohol and Other Drug Dependence, Theories of Addiction: Causes and Maintenance of Addiction, Alcohol, Nicotine, Cannabis, Opiates, Psychostimulants: Amphetamines and Cocaine, Addiction: The Highs and Lows, References, Further Reading, Author and Subject Index.
700 1 _aDegenhardt Louisa
_93857
700 1 _aHall Wayne
_93858
700 1 _aTeesson Marie
_98640
942 _cBK
999 _c8117
_d8117